LDR 00712naa#a2200169#i#450# 001 EN\\bibl\121631 005 20260512031629.2 011 ## _a1998-6785 100 ## _a20221221b2022####ek#y0engy0150####ca 102 ## _aRU 200 1# _aPost-COVID-19 Chinese Economy: Scenarios of Recovery _eJournal article 210 1# _aVladivostok _cVladivostok State University _d2022 215 ## _a12 с. 608 ## _aJournal article _2local 675 ## _aМеждународная, национальная и многонациональная экономическая политика. Планирование, планы, управление экономикой. 339.97 _z 700 #1 _aIzotov _gDmitry Aleksandrovich 856 4# _avvgu.editorum.ru _u